000 00445nam a2200145 a 4500
001 000030661
005 20240306100204.0
008 110525s1984 dr 000 0 spa d
040 _aDO-SdBNP
_bspa
_cBNPHU
245 0 0 _aInventario de instituciones de bienestar infantil.
260 _aSanto Domingo :
_bCONANI,
_c1984.
300 _a114 p. ;
_c28 cm.
710 2 _aConsejo Nacional para la Niñez (República Dominicana )
_942757
049 _aBNPD
999 _c30153
_d30153